000 00517nam a2200157 4500
008 0 2001 0a 000 0MEX
020 _a968-444-280-7
050 _aQA154.2 S618 2001
082 _a512 S659a
100 _aSmith, Stanley A.
245 _aAlgebra / Stanley A. Smith..[et.al]
260 _aMéxico : Pearson Educación
300 _a659 p. / 24 cm.
650 _a1.ALGEBRA
700 _aCharles, Randall I. Coaut. \ Dossey, John A. Coaut. \ Keedy, Mervin L. Coaut. \ Bittinger, Marvin L. Coaut.
999 _c13247
_d13247